The SAGE handbook of innovation in social research methods

Uloženo v:
Podrobná bibliografie
Médium: Kniha
Jazyk:angličtina
Vydáno: SAGE, 2011.
Tagy: Přidat tag
Žádné tagy, Buďte první, kdo vytvoří štítek k tomuto záznamu!

MARC

LEADER 00000nam a22000007a 4500
008 210531b ||||| |||| 00| 0 eng d
020 |a 978-1-4462-9583-0 
245 |a The SAGE handbook of innovation in social research methods  |c Malcolm Williams and W. Paul Vogt.  |g  xix, 638p.; ill. 
250 |c Williams Malcolm. and Vogt, W. Paul. 
260 |b  SAGE,   |c 2011.  |h  Los Angeles  |i 691988   |i  691989  |l H62 .Sal  |m Social sciences – Research – Methodology – Handbooks, manuals etc. 
500 |a “It includes references and index.” 
942 |a lcc  |c BK  |e Adekanye, I.H.  |f 31/05/2021 
952 |0 0  |1 0  |2 lcc  |4 0  |6 H0062 S A L  |7 0  |9 2513  |a HOL  |b SSL  |c GJ  |d 2021-05-31  |l 0  |o H62 .Sal   |p 2021-6365  |r 2021-05-31 00:00:00  |w 2021-05-31  |y BK 
952 |0 0  |1 0  |2 lcc  |4 0  |6 H0062 S A L  |7 0  |9 2514  |a HOL  |b HOL  |c GJ  |d 2021-05-31  |l 0  |o H62 .Sal   |p 2021-6366  |r 2021-05-31 00:00:00  |w 2021-05-31  |y BK 
999 |c 1308  |d 1308